000 00624nam a2200181 4500
999 _c170524
_d170524
005 20191217125148.0
010 _aENG-127164
020 _a9788178245454
_c1595.00
035 _aEN-110696
037 _bDBAD/PUB
082 _a409.34
245 _aA sabda reader :
_ced.by Johannes Bronkhorst
_blanguage in classical Indian thought /
260 _aRanikhet
_bPermanent Black
_c2019
270 _aHimalayana, Mall Road, Ranikhet Cantt
_bRanikhet
_e263645
_mperblack@gmail.com
300 _aix;359p .
_c24cm(Hb)
500 _aIncludes bibliographical references and index
942 _2ddc
_cEN
_h409.34
_mASA